Loading...
| Science - Other | 0 | 7 | 0 | 0 | 70 | 93 | 100.14 | 1 | 4 | 0.00 | 0.00 |
| History - American | 0 | 7 | 0 | 2 | 70 | 84 | 114.29 | 0 | 1 | 0.00 | 0.00 |
| Science - Chemistry | 0 | 5 | 0 | 1 | 50 | 87 | 109.60 | 0 | 1 | 0.00 | 0.00 |
| Social Science | 0 | 4 | 0 | 0 | 40 | 82 | 93.25 | 0 | 2 | 0.00 | 0.00 |
| Science - Physics | 0 | 4 | 0 | 0 | 40 | 65 | 79.75 | 0 | 4 | 0.00 | 0.00 |
| Mythology | 0 | 4 | 1 | 2 | 35 | 27 | 109.50 | 1 | 1 | 0.00 | 0.00 |
| Fine Arts - Visual | 0 | 3 | 0 | 2 | 30 | 108 | 122.00 | 0 | 0 | 0.00 | 0.00 |
| Literature - American | 0 | 3 | 0 | 0 | 30 | 107 | 122.67 | 0 | 0 | 0.00 | 0.00 |
| Religion | 0 | 3 | 0 | 0 | 30 | 88 | 105.33 | 0 | 1 | 0.00 | 0.00 |
| History - Other | 0 | 3 | 1 | 0 | 25 | 80 | 102.33 | 0 | 0 | 0.00 | 0.00 |
| Fine Arts - Classical Music | 0 | 2 | 0 | 0 | 20 | 70 | 92.50 | 0 | 1 | 0.00 | 0.00 |
| Geography/Current Events | 0 | 2 | 1 | 0 | 15 | 92 | 101.00 | 0 | 1 | 0.00 | 0.00 |
| Other Academic | 0 | 1 | 0 | 0 | 10 | 78 | 78.00 | 1 | 1 | 0.00 | 0.00 |
| Literature - European | 0 | 1 | 0 | 0 | 10 | 128 | 128.00 | 0 | 0 | 0.00 | 0.00 |
| Science - Biology | 0 | 2 | 2 | 0 | 10 | 114 | 116.00 | 0 | 1 | 0.00 | 0.00 |
| Literature - World/Other | 0 | 1 | 0 | 0 | 10 | 122 | 122.00 | 0 | 0 | 0.00 | 0.00 |
| History - European | 0 | 1 | 0 | 1 | 10 | 123 | 123.00 | 0 | 0 | 0.00 | 0.00 |
| Philosophy | 0 | 1 | 1 | 0 | 5 | 83 | 83.00 | 0 | 0 | 0.00 | 0.00 |
| History - World | 0 | 1 | 1 | 1 | 5 | 135 | 135.00 | 0 | 0 | 0.00 | 0.00 |
| Fine Arts - Other | 0 | 0 | 1 | 0 | -5 | 0.00 | 0 | 0 | 0.00 | 0.00 |